[Event "POL-ch Seniors 18th"]
[Site "Rowy"]
[Date "2007.09.11"]
[Round "4.13"]
[White "Kowalska, Elzbieta"]
[Black "Buczek, Stanislaw"]
[Result "1-0"]
[WhiteElo "1975"]
[BlackElo "1999"]
[PlyCount "49"]
[EventDate "2007.09.09"]
[EventType "swiss"]
[EventRounds "9"]
[EventCountry "POL"]
[SourceTitle "EXT 2023"]
[Source "ChessBase"]
[SourceDate "2022.10.05"]
[SourceVersion "1"]
[SourceVersionDate "2022.10.05"]
[SourceQuality "1"]

1. e4 c5 2. Nf3 Nc6 3. d4 cxd4 4. Nxd4 Qb6 5. Nb3 e5 6. Be3 Qc7 7. c4 d6 8. Nc3 Nf6 9. Be2 Be7 10. Rc1 Qd8 11. 0-0 0-0 12. h3 Be6 13. Qc2 Nb4 14. Qb1 a5 15. a3 a4 16. Nd2 Nc6 17. Bd1 Nd4 18. Nxa4 Nd7 19. Nc3 f5 20. Nd5 Bxd5 21. exd5 g6 22. Nf3 Bf6 23. Bxd4 exd4 24. Be2 Re8 25. Bd3 1-0

[Event "Wisla Fianchetto op 5th"]
[Site "Wisla"]
[Date "2000.10.09"]
[Round "3.9"]
[White "Buczek, Stanislaw"]
[Black "Czymbor, Ryszard"]
[Result "1-0"]
[WhiteElo "2066"]
[BlackElo "2000"]
[PlyCount "96"]
[EventDate "2000.10.??"]
[EventType "swiss"]
[EventRounds "11"]
[EventCountry "POL"]
[SourceTitle "EXT 2005"]
[Source "ChessBase"]
[SourceDate "2004.11.15"]
[SourceVersion "1"]
[SourceVersionDate "2004.11.15"]
[SourceQuality "1"]

1. d4 d5 2. c4 c6 3. Nc3 Nf6 4. cxd5 cxd5 5. Bf4 e6 6. e3 a6 7. Bd3 Bd6 8. Rc1 Bxf4 9. exf4 0-0 10. Nf3 h6 11. 0-0 Nc6 12. Bb1 Bd7 13. Re1 Rc8 14. g3 Na7 15. Ne5 Nc6 16. Qd3 Be8 17. Rcd1 g6 18. f3 Kg7 19. Re2 Nxe5 20. fxe5 Ng8 21. h4 h5 22. Kg2 Nh6 23. Rde1 Rh8 24. Qd2 Qe7 25. a3 Bd7 26. Bd3 Rc7 27. Qf4 b5 28. Kh1 Rb7 29. Na2 a5 30. g4 hxg4 31. fxg4 b4 32. axb4 axb4 33. Rf2 Ba4 34. h5 g5 35. Qf3 Bb3 36. Bb1 Bxa2 37. Bxa2 Rc8 38. Bb1 Rbc7 39. Qd3 Rh8 40. Kg2 Qd8 41. Ref1 Qe8 42. Rf6 Ng8 43. Qd2 Nxf6 44. Qxg5+ Kf8 45. exf6 Qb5 46. Qg7+ Ke8 47. Qxh8+ Kd7 48. Qf8 Qe2+ 1-0

[Event "Malbork-ch"]
[Site "Malbork"]
[Date "2000.??.??"]
[Round "?"]
[White "Nowak"]
[Black "Buczek, Stanislaw"]
[Result "0-1"]
[WhiteElo "2020"]
[BlackElo "2090"]
[PlyCount "84"]
[EventDate "2000.??.??"]
[EventType "swiss"]
[EventRounds "9"]
[EventCountry "POL"]
[SourceTitle "EXT 2005"]
[Source "ChessBase"]
[SourceDate "2004.11.15"]
[SourceVersion "1"]
[SourceVersionDate "2004.11.15"]
[SourceQuality "1"]

1. e4 c5 2. Nf3 d6 3. d4 cxd4 4. Nxd4 Nf6 5. Nc3 g6 6. Be2 Bg7 7. Be3 Nc6 8. 0-0 0-0 9. Qd2 Bd7 10. f4 Qb8 11. f5 Ne5 12. Bh6 Rc8 13. Nd5 Nxd5 14. Bxg7 Kxg7 15. exd5 Qc7 16. c3 Qc5 17. fxg6 hxg6 18. Kh1 Rh8 19. Nb3 Qc7 20. Qg5 Rae8 21. Nd4 Qb6 22. Rab1 Rh7 23. Qg3 Reh8 24. Bf3 Rxh2+ 25. Qxh2 Rxh2+ 26. Kxh2 Qc5 27. Rbd1 b5 28. a3 a5 29. Rd2 b4 30. axb4 axb4 31. cxb4 Qxb4 32. Rff2 Qb6 33. Rfe2 Kf8 34. b3 Qc5 35. Nc2 g5 36. b4 Qc3 37. Be4 f5 38. Bxf5 Bxf5 39. Kh1 Bxc2 40. Rxc2 Qxb4 41. Rf2+ Kg7 42. Rb2 Qe1+ 0-1

[Event "Malbork-ch"]
[Site "Malbork"]
[Date "1999.??.??"]
[Round "?"]
[White "Buczek, Stanislaw"]
[Black "Kempinski, Zdzislaw"]
[Result "0-1"]
[WhiteElo "2123"]
[BlackElo "2220"]
[PlyCount "58"]
[EventDate "1999.??.??"]
[EventType "swiss"]
[EventRounds "9"]
[EventCountry "POL"]
[SourceTitle "EXT 2003"]
[Source "ChessBase"]
[SourceDate "2002.11.25"]
[SourceVersion "1"]
[SourceVersionDate "2002.11.25"]
[SourceQuality "1"]

1. e4 c5 2. Nf3 a6 3. d4 cxd4 4. Nxd4 Nf6 5. Bd3 e5 6. Nf3 d5 7. Nc3 d4 8. Ne2 Nc6 9. a3 Be7 10. 0-0 0-0 11. Ng3 Qc7 12. Qe2 b5 13. h3 Re8 14. Nh2 Bd7 15. Ng4 Qc8 16. f3 Bd8 17. Bd2 g6 18. Kh2 h5 19. Nxf6+ Bxf6 20. Nh1 Kg7 21. Nf2 Qd8 22. g3 h4 23. g4 Bg5 24. Nd1 Qf6 25. Kg1 Nd8 26. c4 Ne6 27. cxb5 axb5 28. Rf2 Nf4 29. Bc2 Rac8 0-1